| 000 | 00753nam a2200229 a 4500 | ||
|---|---|---|---|
| 001 | 48656 | ||
| 003 | BD-RjUL | ||
| 005 | 20211209054549.0 | ||
| 008 | 160423s1966 bg ||||| |||| 00| 0 ben d | ||
| 020 | _c: Tk. 2.50 | ||
| 035 | _a(BD-RjUL)48775 | ||
| 040 |
_aBD-RjUL _bben _cBD-RjUL |
||
| 041 | _aben | ||
| 082 |
_223 _a891.441 _bBEE 1966 |
||
| 100 | 1 |
_aবেগম, জাহান-আরা _9123588 |
|
| 245 | 1 | 0 |
_aইচ্ছার অরণ্যে / _cজাহান-আরা বেগম |
| 260 |
_aঢাকা : _bকাজী আকমল হোসেন, _c১৯৬৬ |
||
| 300 |
_a৬৪ পৃ. ; _c১৯ সেমি. |
||
| 650 |
_aবাংলা কবিতা _9123589 |
||
| 650 |
_aBengali poetry _9123590 |
||
| 942 |
_2ddc _cBK |
||
| 999 |
_c48656 _d48656 |
||